<?xml version="1.0" encoding="UTF-8"?>
<record
    xmlns:xsi="http://www.w3.org/2001/XMLSchema-instance"
    xsi:schemaLocation="http://www.loc.gov/MARC21/slim http://www.loc.gov/standards/marcxml/schema/MARC21slim.xsd"
    xmlns="http://www.loc.gov/MARC21/slim">

  <leader>02690nam a2200337 a 4500</leader>
  <controlfield tag="008">080214s1998    ||||||||||||||||| ||    u</controlfield>
  <datafield tag="020" ind1=" " ind2=" ">
    <subfield code="a">0137125151</subfield>
  </datafield>
  <datafield tag="050" ind1=" " ind2=" ">
    <subfield code="a">QA 152.2 Wil</subfield>
  </datafield>
  <datafield tag="100" ind1=" " ind2=" ">
    <subfield code="a">Wells, David</subfield>
  </datafield>
  <datafield tag="245" ind1="1" ind2="0">
    <subfield code="a">Agebra and trigonometry: a view of the world around us. </subfield>
    <subfield code="c">David Wells; Lynn Tilson</subfield>
  </datafield>
  <datafield tag="260" ind1=" " ind2=" ">
    <subfield code="a">Upper Saddle River, N. J.</subfield>
    <subfield code="b">Prentice Hall</subfield>
    <subfield code="c">1998</subfield>
  </datafield>
  <datafield tag="300" ind1=" " ind2=" ">
    <subfield code="a">xviii, 316p.: ill.</subfield>
  </datafield>
  <datafield tag="350" ind1=" " ind2=" ">
    <subfield code="a">0.00</subfield>
  </datafield>
  <datafield tag="650" ind1=" " ind2="0">
    <subfield code="a">ALGEBRA</subfield>
  </datafield>
  <datafield tag="650" ind1=" " ind2="0">
    <subfield code="a">TRIGONOMETRY</subfield>
  </datafield>
  <datafield tag="650" ind1=" " ind2="0">
    <subfield code="a">ALGEBRAS, LINEAR</subfield>
  </datafield>
  <datafield tag="700" ind1=" " ind2=" ">
    <subfield code="a">Tilson, Lynn</subfield>
  </datafield>
  <datafield tag="995" ind1=" " ind2=" ">
    <subfield code="a">TEXTBOOKS (SBE) </subfield>
    <subfield code="D">0.00</subfield>
    <subfield code="e">2220</subfield>
    <subfield code="F">CBU-SCHOOL TEXTBOOK COLLECTIONS</subfield>
    <subfield code="H">1</subfield>
    <subfield code="I">0.00</subfield>
    <subfield code="j">SCHOOL TEXTBOOK</subfield>
    <subfield code="M">7</subfield>
    <subfield code="U">AVAILABLE</subfield>
    <subfield code="W">Nov 20, 2008</subfield>
    <subfield code="y">2220</subfield>
    <subfield code="Z">School Collections</subfield>
  </datafield>
  <datafield tag="995" ind1=" " ind2=" ">
    <subfield code="a">ANNEX COLLECTION (Main Library)</subfield>
    <subfield code="D">0.00</subfield>
    <subfield code="e">738452</subfield>
    <subfield code="F">CBU-MAIN LIBRARY (Kitwe)</subfield>
    <subfield code="H">1</subfield>
    <subfield code="I">0.00</subfield>
    <subfield code="j">QA 152.2 Wil WEL</subfield>
    <subfield code="M">2</subfield>
    <subfield code="U">AVAILABLE</subfield>
    <subfield code="W">Feb 14, 2008</subfield>
    <subfield code="y">738452</subfield>
    <subfield code="Z">Annex Low-Usage Collection </subfield>
  </datafield>
  <datafield tag="995" ind1=" " ind2=" ">
    <subfield code="a">MAIN LIBRARY OPEN ACCESS</subfield>
    <subfield code="D">0.00</subfield>
    <subfield code="e">738453</subfield>
    <subfield code="F">CBU-MAIN LIBRARY (Kitwe)</subfield>
    <subfield code="H">1</subfield>
    <subfield code="I">0.00</subfield>
    <subfield code="j">QA 152.2 Wil WEL</subfield>
    <subfield code="M">3</subfield>
    <subfield code="U">AVAILABLE</subfield>
    <subfield code="W">Feb 14, 2008</subfield>
    <subfield code="y">738453</subfield>
    <subfield code="Z">Main Library Open Access Collection</subfield>
  </datafield>
  <datafield tag="995" ind1=" " ind2=" ">
    <subfield code="a">TEXTBOOKS (SNR)</subfield>
    <subfield code="D">0.00</subfield>
    <subfield code="e">4110</subfield>
    <subfield code="F">CBU-SCHOOL TEXTBOOK COLLECTIONS</subfield>
    <subfield code="H">1</subfield>
    <subfield code="I">0.00</subfield>
    <subfield code="j">SCHOOL TEXTBOOK</subfield>
    <subfield code="M">11</subfield>
    <subfield code="U">AVAILABLE</subfield>
    <subfield code="W">Aug 10, 2009</subfield>
    <subfield code="y">4110</subfield>
    <subfield code="Z">School Collections</subfield>
  </datafield>
  <datafield tag="995" ind1=" " ind2=" ">
    <subfield code="a">TEXTBOOKS (SBE) </subfield>
    <subfield code="D">0.00</subfield>
    <subfield code="e">2223</subfield>
    <subfield code="F">CBU-SCHOOL TEXTBOOK COLLECTIONS</subfield>
    <subfield code="H">1</subfield>
    <subfield code="I">0.00</subfield>
    <subfield code="j">SCHOOL TEXTBOOK</subfield>
    <subfield code="M">10</subfield>
    <subfield code="U">AVAILABLE</subfield>
    <subfield code="W">Nov 20, 2008</subfield>
    <subfield code="y">2223</subfield>
    <subfield code="Z">School Collections</subfield>
  </datafield>
  <datafield tag="995" ind1=" " ind2=" ">
    <subfield code="a">TEXTBOOKS (SBE) </subfield>
    <subfield code="D">0.00</subfield>
    <subfield code="e">2221</subfield>
    <subfield code="F">CBU-SCHOOL TEXTBOOK COLLECTIONS</subfield>
    <subfield code="H">1</subfield>
    <subfield code="I">0.00</subfield>
    <subfield code="j">SCHOOL TEXTBOOK</subfield>
    <subfield code="M">8</subfield>
    <subfield code="U">AVAILABLE</subfield>
    <subfield code="W">Nov 20, 2008</subfield>
    <subfield code="y">2221</subfield>
    <subfield code="Z">School Collections</subfield>
  </datafield>
  <datafield tag="995" ind1=" " ind2=" ">
    <subfield code="a">TEXTBOOKS (SBE) </subfield>
    <subfield code="D">0.00</subfield>
    <subfield code="e">2222</subfield>
    <subfield code="F">CBU-SCHOOL TEXTBOOK COLLECTIONS</subfield>
    <subfield code="H">1</subfield>
    <subfield code="I">0.00</subfield>
    <subfield code="j">SCHOOL TEXTBOOK</subfield>
    <subfield code="M">9</subfield>
    <subfield code="U">AVAILABLE</subfield>
    <subfield code="W">Nov 20, 2008</subfield>
    <subfield code="y">2222</subfield>
    <subfield code="Z">School Collections</subfield>
  </datafield>
  <datafield tag="995" ind1=" " ind2=" ">
    <subfield code="a">ANNEX COLLECTION (Main Library)</subfield>
    <subfield code="D">0.00</subfield>
    <subfield code="e">738455</subfield>
    <subfield code="F">CBU-MAIN LIBRARY (Kitwe)</subfield>
    <subfield code="H">1</subfield>
    <subfield code="I">0.00</subfield>
    <subfield code="j">QA 152.2 Wil WEL</subfield>
    <subfield code="M">5</subfield>
    <subfield code="U">AVAILABLE</subfield>
    <subfield code="W">Feb 14, 2008</subfield>
    <subfield code="y">738455</subfield>
    <subfield code="Z">Annex Low-Usage Collection </subfield>
  </datafield>
  <datafield tag="995" ind1=" " ind2=" ">
    <subfield code="a">TEXTBOOKS (SNR)</subfield>
    <subfield code="D">0.00</subfield>
    <subfield code="e">4112</subfield>
    <subfield code="F">CBU-SCHOOL TEXTBOOK COLLECTIONS</subfield>
    <subfield code="H">1</subfield>
    <subfield code="I">0.00</subfield>
    <subfield code="j">SCHOOL TEXTBOOK</subfield>
    <subfield code="M">13</subfield>
    <subfield code="U">AVAILABLE</subfield>
    <subfield code="W">Aug 10, 2009</subfield>
    <subfield code="y">4112</subfield>
    <subfield code="Z">School Collections</subfield>
  </datafield>
  <datafield tag="995" ind1=" " ind2=" ">
    <subfield code="a">MAIN LIBRARY OPEN ACCESS</subfield>
    <subfield code="D">0.00</subfield>
    <subfield code="e">738454</subfield>
    <subfield code="F">CBU-MAIN LIBRARY (Kitwe)</subfield>
    <subfield code="H">1</subfield>
    <subfield code="I">0.00</subfield>
    <subfield code="j">QA 152.2 Wil WEL</subfield>
    <subfield code="M">4</subfield>
    <subfield code="U">AVAILABLE</subfield>
    <subfield code="W">Feb 14, 2008</subfield>
    <subfield code="y">738454</subfield>
    <subfield code="Z">Main Library Open Access Collection</subfield>
  </datafield>
  <datafield tag="995" ind1=" " ind2=" ">
    <subfield code="a">TEXTBOOKS (SBE) </subfield>
    <subfield code="D">0.00</subfield>
    <subfield code="e">2182</subfield>
    <subfield code="F">CBU-SCHOOL TEXTBOOK COLLECTIONS</subfield>
    <subfield code="H">1</subfield>
    <subfield code="I">0.00</subfield>
    <subfield code="j">SCHOOL TEXTBOOK</subfield>
    <subfield code="M">6</subfield>
    <subfield code="U">AVAILABLE</subfield>
    <subfield code="W">Nov 20, 2008</subfield>
    <subfield code="y">2182</subfield>
    <subfield code="Z">School Collections</subfield>
  </datafield>
  <datafield tag="995" ind1=" " ind2=" ">
    <subfield code="a">TEXTBOOKS (SNR)</subfield>
    <subfield code="D">0.00</subfield>
    <subfield code="e">4111</subfield>
    <subfield code="F">CBU-SCHOOL TEXTBOOK COLLECTIONS</subfield>
    <subfield code="H">1</subfield>
    <subfield code="I">0.00</subfield>
    <subfield code="j">SCHOOL TEXTBOOK</subfield>
    <subfield code="M">12</subfield>
    <subfield code="U">AVAILABLE</subfield>
    <subfield code="W">Aug 10, 2009</subfield>
    <subfield code="y">4111</subfield>
    <subfield code="Z">School Collections</subfield>
  </datafield>
  <datafield tag="995" ind1=" " ind2=" ">
    <subfield code="a">MAIN LIBRARY OPEN ACCESS</subfield>
    <subfield code="D">0.00</subfield>
    <subfield code="e">738451</subfield>
    <subfield code="F">CBU-MAIN LIBRARY (Kitwe)</subfield>
    <subfield code="H">1</subfield>
    <subfield code="I">0.00</subfield>
    <subfield code="j">QA 152.2 WEL</subfield>
    <subfield code="M">1</subfield>
    <subfield code="U">AVAILABLE</subfield>
    <subfield code="W">Feb 14, 2008</subfield>
    <subfield code="y">738451</subfield>
    <subfield code="Z">Main Library Open Access Collection</subfield>
  </datafield>
  <datafield tag="999" ind1=" " ind2=" ">
    <subfield code="c">83832</subfield>
    <subfield code="d">83832</subfield>
  </datafield>
  <datafield tag="952" ind1=" " ind2=" ">
    <subfield code="0">0</subfield>
    <subfield code="1">0</subfield>
    <subfield code="2">lcc</subfield>
    <subfield code="4">0</subfield>
    <subfield code="7">0</subfield>
    <subfield code="a">005</subfield>
    <subfield code="b">005</subfield>
    <subfield code="c">(SBE) School Collections</subfield>
    <subfield code="d">2024-01-08</subfield>
    <subfield code="l">0</subfield>
    <subfield code="o">SCHOOL TEXTBOOK</subfield>
    <subfield code="p">2220</subfield>
    <subfield code="r">2024-01-08</subfield>
    <subfield code="t">1</subfield>
    <subfield code="w">2024-01-08</subfield>
    <subfield code="y">002</subfield>
  </datafield>
  <datafield tag="952" ind1=" " ind2=" ">
    <subfield code="0">0</subfield>
    <subfield code="1">0</subfield>
    <subfield code="2">lcc</subfield>
    <subfield code="4">0</subfield>
    <subfield code="7">0</subfield>
    <subfield code="a">001</subfield>
    <subfield code="b">001</subfield>
    <subfield code="c">Annex Low-Usage Collection</subfield>
    <subfield code="d">2024-01-08</subfield>
    <subfield code="l">0</subfield>
    <subfield code="o">QA 152.2 Wil</subfield>
    <subfield code="p">738452</subfield>
    <subfield code="r">2024-01-08</subfield>
    <subfield code="t">2</subfield>
    <subfield code="w">2024-01-08</subfield>
    <subfield code="y">002</subfield>
  </datafield>
  <datafield tag="952" ind1=" " ind2=" ">
    <subfield code="0">0</subfield>
    <subfield code="1">0</subfield>
    <subfield code="2">lcc</subfield>
    <subfield code="4">0</subfield>
    <subfield code="7">0</subfield>
    <subfield code="a">001</subfield>
    <subfield code="b">001</subfield>
    <subfield code="c">Main Library Open Access Collection</subfield>
    <subfield code="d">2024-01-08</subfield>
    <subfield code="l">0</subfield>
    <subfield code="o">QA 152.2 Wil</subfield>
    <subfield code="p">738453</subfield>
    <subfield code="r">2024-01-08</subfield>
    <subfield code="t">3</subfield>
    <subfield code="w">2024-01-08</subfield>
    <subfield code="y">002</subfield>
  </datafield>
  <datafield tag="952" ind1=" " ind2=" ">
    <subfield code="0">0</subfield>
    <subfield code="1">0</subfield>
    <subfield code="2">lcc</subfield>
    <subfield code="4">0</subfield>
    <subfield code="7">0</subfield>
    <subfield code="a">005</subfield>
    <subfield code="b">005</subfield>
    <subfield code="c">(SBE) School Collections</subfield>
    <subfield code="d">2024-01-08</subfield>
    <subfield code="l">0</subfield>
    <subfield code="o">SCHOOL TEXTBOOK</subfield>
    <subfield code="p">4110</subfield>
    <subfield code="r">2024-01-08</subfield>
    <subfield code="t">4</subfield>
    <subfield code="w">2024-01-08</subfield>
    <subfield code="y">002</subfield>
  </datafield>
  <datafield tag="952" ind1=" " ind2=" ">
    <subfield code="0">0</subfield>
    <subfield code="1">0</subfield>
    <subfield code="2">lcc</subfield>
    <subfield code="4">0</subfield>
    <subfield code="7">0</subfield>
    <subfield code="a">005</subfield>
    <subfield code="b">005</subfield>
    <subfield code="c">(SBE) School Collections</subfield>
    <subfield code="d">2024-01-08</subfield>
    <subfield code="l">0</subfield>
    <subfield code="o">SCHOOL TEXTBOOK</subfield>
    <subfield code="p">2223</subfield>
    <subfield code="r">2024-01-08</subfield>
    <subfield code="t">5</subfield>
    <subfield code="w">2024-01-08</subfield>
    <subfield code="y">002</subfield>
  </datafield>
  <datafield tag="952" ind1=" " ind2=" ">
    <subfield code="0">0</subfield>
    <subfield code="1">0</subfield>
    <subfield code="2">lcc</subfield>
    <subfield code="4">0</subfield>
    <subfield code="7">0</subfield>
    <subfield code="a">005</subfield>
    <subfield code="b">005</subfield>
    <subfield code="c">(SBE) School Collections</subfield>
    <subfield code="d">2024-01-08</subfield>
    <subfield code="l">0</subfield>
    <subfield code="o">SCHOOL TEXTBOOK</subfield>
    <subfield code="p">2221</subfield>
    <subfield code="r">2024-01-08</subfield>
    <subfield code="t">6</subfield>
    <subfield code="w">2024-01-08</subfield>
    <subfield code="y">002</subfield>
  </datafield>
  <datafield tag="952" ind1=" " ind2=" ">
    <subfield code="0">0</subfield>
    <subfield code="1">0</subfield>
    <subfield code="2">lcc</subfield>
    <subfield code="4">0</subfield>
    <subfield code="7">0</subfield>
    <subfield code="a">005</subfield>
    <subfield code="b">005</subfield>
    <subfield code="c">(SBE) School Collections</subfield>
    <subfield code="d">2024-01-08</subfield>
    <subfield code="l">0</subfield>
    <subfield code="o">SCHOOL TEXTBOOK</subfield>
    <subfield code="p">2222</subfield>
    <subfield code="r">2024-01-08</subfield>
    <subfield code="t">7</subfield>
    <subfield code="w">2024-01-08</subfield>
    <subfield code="y">002</subfield>
  </datafield>
  <datafield tag="952" ind1=" " ind2=" ">
    <subfield code="0">0</subfield>
    <subfield code="1">0</subfield>
    <subfield code="2">lcc</subfield>
    <subfield code="4">0</subfield>
    <subfield code="7">0</subfield>
    <subfield code="a">001</subfield>
    <subfield code="b">001</subfield>
    <subfield code="c">Annex Low-Usage Collection</subfield>
    <subfield code="d">2024-01-08</subfield>
    <subfield code="l">0</subfield>
    <subfield code="o">QA 152.2 Wil</subfield>
    <subfield code="p">738455</subfield>
    <subfield code="r">2024-01-08</subfield>
    <subfield code="t">8</subfield>
    <subfield code="w">2024-01-08</subfield>
    <subfield code="y">002</subfield>
  </datafield>
  <datafield tag="952" ind1=" " ind2=" ">
    <subfield code="0">0</subfield>
    <subfield code="1">0</subfield>
    <subfield code="2">lcc</subfield>
    <subfield code="4">0</subfield>
    <subfield code="7">0</subfield>
    <subfield code="a">005</subfield>
    <subfield code="b">005</subfield>
    <subfield code="c">(SBE) School Collections</subfield>
    <subfield code="d">2024-01-08</subfield>
    <subfield code="l">0</subfield>
    <subfield code="o">SCHOOL TEXTBOOK</subfield>
    <subfield code="p">4112</subfield>
    <subfield code="r">2024-01-08</subfield>
    <subfield code="t">9</subfield>
    <subfield code="w">2024-01-08</subfield>
    <subfield code="y">002</subfield>
  </datafield>
  <datafield tag="952" ind1=" " ind2=" ">
    <subfield code="0">0</subfield>
    <subfield code="1">0</subfield>
    <subfield code="2">lcc</subfield>
    <subfield code="4">0</subfield>
    <subfield code="7">0</subfield>
    <subfield code="a">001</subfield>
    <subfield code="b">001</subfield>
    <subfield code="c">Main Library Open Access Collection</subfield>
    <subfield code="d">2024-01-08</subfield>
    <subfield code="l">1</subfield>
    <subfield code="o">QA 152.2 Wil</subfield>
    <subfield code="p">738454</subfield>
    <subfield code="r">2025-02-05</subfield>
    <subfield code="s">2025-02-05</subfield>
    <subfield code="t">10</subfield>
    <subfield code="w">2024-01-08</subfield>
    <subfield code="y">002</subfield>
  </datafield>
  <datafield tag="952" ind1=" " ind2=" ">
    <subfield code="0">0</subfield>
    <subfield code="1">0</subfield>
    <subfield code="2">lcc</subfield>
    <subfield code="4">0</subfield>
    <subfield code="7">0</subfield>
    <subfield code="a">005</subfield>
    <subfield code="b">005</subfield>
    <subfield code="c">(SBE) School Collections</subfield>
    <subfield code="d">2024-01-08</subfield>
    <subfield code="l">0</subfield>
    <subfield code="o">SCHOOL TEXTBOOK</subfield>
    <subfield code="p">2182</subfield>
    <subfield code="r">2024-01-08</subfield>
    <subfield code="t">11</subfield>
    <subfield code="w">2024-01-08</subfield>
    <subfield code="y">002</subfield>
  </datafield>
  <datafield tag="952" ind1=" " ind2=" ">
    <subfield code="0">0</subfield>
    <subfield code="1">0</subfield>
    <subfield code="2">lcc</subfield>
    <subfield code="4">0</subfield>
    <subfield code="7">0</subfield>
    <subfield code="a">005</subfield>
    <subfield code="b">005</subfield>
    <subfield code="c">(SBE) School Collections</subfield>
    <subfield code="d">2024-01-08</subfield>
    <subfield code="l">0</subfield>
    <subfield code="o">SCHOOL TEXTBOOK</subfield>
    <subfield code="p">4111</subfield>
    <subfield code="r">2024-01-08</subfield>
    <subfield code="t">12</subfield>
    <subfield code="w">2024-01-08</subfield>
    <subfield code="y">002</subfield>
  </datafield>
  <datafield tag="952" ind1=" " ind2=" ">
    <subfield code="0">0</subfield>
    <subfield code="1">0</subfield>
    <subfield code="2">lcc</subfield>
    <subfield code="4">0</subfield>
    <subfield code="7">0</subfield>
    <subfield code="a">001</subfield>
    <subfield code="b">001</subfield>
    <subfield code="c">Main Library Open Access Collection</subfield>
    <subfield code="d">2024-01-08</subfield>
    <subfield code="l">0</subfield>
    <subfield code="o">QA 152.2 Wil</subfield>
    <subfield code="p">738451</subfield>
    <subfield code="r">2024-01-08</subfield>
    <subfield code="t">13</subfield>
    <subfield code="w">2024-01-08</subfield>
    <subfield code="y">002</subfield>
  </datafield>
</record>
